Insects- Sudden Death - Statistics

General Stats
  • This quiz has been taken 256 times
    232 since last reset
  • The average score is 8 of 17
Answers on the Grid
Answers color-coded by a green-red scale on the quiz's grid according to % correct below.
Crane Fly
Swallowtail
Cicada
Cockroach
Flea
Gnat
Walkingstick
Silverfish
Jungle Nymph
Lacewing
Scarab
Katydid
Stinkbug
Mosquito
Praying Mantis
Assassin Bug
Caterpillar
Mite
Thorny Devil
Crane
Nematode
Tick
Spider
Scorpion
Roly-poly
Hyrax
Nutria
Water Monitor
Centipede
Millipede
 
Answer Stats
Answer % Correct
Mosquito
58%
Cicada
57%
Cockroach
53%
Crane Fly
52%
Praying Mantis
50%
Stinkbug
50%
Caterpillar
48%
Assassin Bug
46%
Flea
44%
Gnat
43%
Katydid
43%
Lacewing
43%
Scarab
43%
Silverfish
43%
Swallowtail
39%
Walkingstick
38%
Jungle Nymph
29%
No matching quizzes found
Score Distribution
Percent of People with Each Score
Percentile by Number Answered
Your Score History
You have not taken this quiz since the last reset